Food biotechnology
Uloženo v:
| Hlavní autor: | |
|---|---|
| Médium: | Kniha |
| Jazyk: | Undetermined |
| Vydáno: |
Cambridge
Cambridge University Press
1989
|
| Témata: | |
| Tagy: |
Přidat tag
Žádné tagy, Buďte první, kdo otaguje tento záznam!
|
| Thư viện lưu trữ: | Trung tâm Học liệu Trường Đại học Cần Thơ |
|---|
| LEADER | 00485nam a2200169Ia 4500 | ||
|---|---|---|---|
| 001 | CTU_78647 | ||
| 008 | 210402s9999 xx 000 0 und d | ||
| 082 | |a 664.024 | ||
| 082 | |b A592 | ||
| 100 | |a Angold, Roger | ||
| 245 | 0 | |a Food biotechnology | |
| 245 | 0 | |c Roger Angold, Gordon Beech, John Taggart | |
| 260 | |a Cambridge | ||
| 260 | |b Cambridge University Press | ||
| 260 | |c 1989 | ||
| 650 | |a Biotechnology,Food industry | ||
| 980 | |a Trung tâm Học liệu Trường Đại học Cần Thơ | ||